000 00448nam a2200121Ia 4500
008 220615s9999||||xx |||||||||||||| ||und||
245 0 _aEqualBITE
_bGender equality in higher education
546 _aEnglish[eng]
650 _aEducation
700 _aRobertson, Judy||Williams, Alison||Jones, Derek||Isbel, Lara||Loads, Daphne
856 _uhttps://library.oapen.org/bitstream/20.500.12657/37807/1/9789463511438_webready_content_text.pdf
942 _cEB
999 _c9963
_d9963